000 00662nam a2200229Ia 4500
003 OSt
005 20230901145317.0
008 210716s2006 xx 000 0 und d
020 _a8177589105
040 _cAIMIT LIBRARY
041 _aeng
082 _a005.44
_22
_bLOVR
100 _aLove, Robert.
_9132305
245 _aLinux kernel development /
_cby Robert Love
250 _a2nd ed.
260 _aNew Delhi :
_bPearson Education ,
_c2006.
300 _axvi,401 p.;
_bPB
_c24 cm.
650 _aProcess scheduling
_9132306
650 _aSystem calls
_9132307
650 _aInterrupts and interrupt handlers
_9132308
942 _2ddc
_cBK
_e2nd
_k005.44 LOVR
999 _c187611
_d187611